| 000 | 00836nam a2200289Ia 4500 | ||
|---|---|---|---|
| 003 | OSt | ||
| 005 | 20221006145435.0 | ||
| 006 | a|||||r|||| 00| 0 | ||
| 007 | ta | ||
| 008 | 221006b |||||||| |||| 00| 0 eng d | ||
| 020 | _c240.00 (For three volumes set) | ||
| 024 | _a14,827 | ||
| 037 | _cTextual | ||
| 040 |
_aEASL _cEASL _beng |
||
| 041 |
_2eng _aeng |
||
| 082 | _aO41,3H, 111M02;2 | ||
| 100 |
_aNAI'AN Shi _9654443 |
||
| 245 | 0 | _aOutlaws of the marsh, 3 Vols. | |
| 260 |
_aBeijing _bForeign Languages Press China _c1980 |
||
| 300 |
_a559p. _ccm. |
||
| 490 | _vVol.1 359p. CEL | ||
| 650 | _aCEL | ||
| 700 |
_a LUO Guanzhong _9654444 |
||
| 700 |
_a SHAPIRO Sidney Tr. _9654445 |
||
| 942 |
_hO41,3H, 111M02;2 _cTEXL _2CC |
||
| 999 |
_c1082913 _d1082913 |
||